| 000 | 01304 am a2200397 a 4500 | ||
|---|---|---|---|
| 005 | 20240508100145.0 | ||
| 008 | 100315s2006||||ag a f |||| 001 0 spa d | ||
| 020 | _a9509539473 | ||
| 041 | _aspa | ||
| 092 |
_c616.01 _l6 _sBAS |
||
| 100 | 1 |
_aBasualdo, Juan Ángel. _9507 |
|
| 245 |
_aMicrobiología Biomédica. _bBacteriología. Micología. Virología. Parasitología. Inmunología / _cJuan Ángel Basualdo. |
||
| 250 | _a2a ed. | ||
| 260 |
_aBuenos Aires: _bEditorial Atlante; _c2006. |
||
| 300 | _a1537 p. | ||
| 500 | _aBasualdo, J. A., Coto, C. E y De Torres, R. A. (2006). Microbiología Biomédica. Bacteriología. Micología. Virología. Parasitología. Inmunología. (2a ed.). Buenos Aires : Editorial Atlante. | ||
| 590 | _aCompra ESMED, Noviembre 2009 / Compra FACIMED, Junio 2011 | ||
| 653 | _aGeneralidades | ||
| 653 | _aInmunidad | ||
| 653 | _aBacteriología especial | ||
| 653 | _aMicología | ||
| 653 | _aVirología | ||
| 653 | _aParasitología | ||
| 653 | _aProtozoos | ||
| 653 | _aHelmintos | ||
| 653 | _aArtropodos | ||
| 653 | _aDiagnóstico coproparasitario | ||
| 700 | 1 |
_aCoto, Celia E. _9508 |
|
| 700 | 1 |
_aDe Torres, Ramón Alberto. _9509 |
|
| 930 | _a2021 | ||
| 930 | _a2022 | ||
| 930 | _a2023 | ||
| 930 | _a2024 | ||
| 930 | _a2025 | ||
| 942 |
_2ddc _cBK |
||
| 999 |
_c113 _d113 |
||